Revelation; (Record no. 16331)
[ view plain ]
| 000 -LEADER | |
|---|---|
| fixed length control field | 00712nam a2200157 4500 |
| 008 - FIXED-LENGTH DATA ELEMENTS--GENERAL INFORMATION | |
| fixed length control field | 030731 1925 m a eng c |
| 090 ## - LOCALLY ASSIGNED LC-TYPE CALL NUMBER (OCLC); LOCAL CALL NUMBER (OCLC) | |
| Classification number (OCLC) (R) ; Classification number, CALL (RLIN) (NR) | BS2825 |
| Local cutter number (OCLC) ; Book number/undivided call number, CALL (RLIN) | B47cb |
| 130 0# - MAIN ENTRY--UNIFORM TITLE | |
| Uniform title | Bible. N.T. Revelation. English. 1925. |
| 245 10 - TITLE STATEMENT | |
| Title | Revelation; |
| Remainder of title | introduction, Authorized version, Revised version with notes, index and map, |
| Statement of responsibility, etc | edited by C. Anderson Scott. |
| 260 ## - PUBLICATION, DISTRIBUTION, ETC. (IMPRINT) | |
| Place of publication, distribution, etc | New York, |
| Name of publisher, distributor, etc | H. Frowde, Oxford university press; |
| Place of publication, distribution, etc | Edinburgh, |
| Name of publisher, distributor, etc | T.C. & E.C. Jack, ltd., |
| Date of publication, distribution, etc | 1925. |
| 300 ## - PHYSICAL DESCRIPTION | |
| Extent | 308 p. |
| Other physical details | illus. |
| Dimensions | 17 cm. |
| 490 1# - SERIES STATEMENT | |
| Series statement | The century Bible. |
| 650 #4 - SUBJECT ADDED ENTRY--TOPICAL TERM | |
| Topical term or geographic name as entry element | Bible. N.T. Revelation |
| General subdivision | Commentaries. |
| 951 ## - EQUIVALENCE OR CROSS-REFERENCE-GEOGRAPHIC NAME/AREA NAME [OBSOLETE] [CAN/MARC only] | |
| General subdivision | 00004066 |
| 700 1# - ADDED ENTRY--PERSONAL NAME | |
| Personal name | Scott, Charles Archibald Anderson, |
| Dates associated with a name | 1859-1941. |
| Relator term | ed. |
| 951 ## - EQUIVALENCE OR CROSS-REFERENCE-GEOGRAPHIC NAME/AREA NAME [OBSOLETE] [CAN/MARC only] | |
| -- | 4869 |
| -- | BS2825/B47cb-2 |
| -- | 070613111300468 |
| -- | 2000-12-21 |
| -- | GC |
| Withdrawn status | Lost status | Damaged status | Not for loan | Home library | Current library | Shelving location | Date acquired | Accession number | Shelving control number | Total Checkouts | Full call number | Barcode | Date last seen | Price effective from | Koha item type |
|---|---|---|---|---|---|---|---|---|---|---|---|---|---|---|---|
| BSOP Library | BSOP Library | GC | 12/21/2000 | 4869 | 127 | BS2825/B47cb-2 | 00004066 | 02/23/2013 | 02/23/2013 | Books |
